| 000 | 00546nam a2200217 a 4500 | ||
|---|---|---|---|
| 999 |
_c6491 _d6491 |
||
| 001 | 6491 | ||
| 003 | BD-JhCC | ||
| 005 | 20180124092903.0 | ||
| 008 | 180124s1962 u a|||| ||a| 001 0 eng d | ||
| 035 | _a(BD-JhCC)6491 | ||
| 040 |
_aBD-JhCC _dBD-JhCC |
||
| 041 | _aeng | ||
| 082 |
_a677 _bSTO 1962 |
||
| 100 | _aStout, Evelyn E. | ||
| 245 |
_aIntroduction to Textiles / _cEvelyn E. Stout, |
||
| 260 |
_aUSA : _bJohn Wiley & Sons, Inc. _c1962 |
||
| 300 |
_a363 p. : _c23 cm. |
||
| 650 | _aTextile Industry | ||
| 942 |
_2ddc _cBK |
||